The role of mosses in capturing chrysotile released from aged and degraded asbestos cement roofing [abstract] /

Elmentve itt :
Bibliográfiai részletek
Szerzők: Macher Gergely Zoltán
Beke Dóra
Testületi szerző: 22th Wellmann International Scientific Conference
Dokumentumtípus: Könyv része
Megjelent: Szegedi Tudományegyetem Mezőgazdasági Kar Hódmezővásárhely 2025
Sorozat:Wellmann International Scientific Conference 22
Kulcsszavak:Mohakutatás - előadáskivonat
Tárgyszavak:
Online Access:http://acta.bibl.u-szeged.hu/89775
LEADER 01011naa a2200229 i 4500
001 acta89775
005 20260303131203.0
008 260303s2025 hu o 100 eng d
020 |a 978-963-688-044-6 
040 |a SZTE Egyetemi Kiadványok Repozitórium  |b hun 
041 |a eng 
100 1 |a Macher Gergely Zoltán 
245 1 4 |a The role of mosses in capturing chrysotile released from aged and degraded asbestos cement roofing   |h [elektronikus dokumentum] :  |b [abstract] /  |c  Macher Gergely Zoltán 
260 |a Szegedi Tudományegyetem Mezőgazdasági Kar  |b Hódmezővásárhely  |c 2025 
300 |a 51 
490 0 |a Wellmann International Scientific Conference  |v 22 
650 4 |a Természettudományok 
650 4 |a Biológiai tudományok 
695 |a Mohakutatás - előadáskivonat 
700 0 1 |a Beke Dóra  |e aut 
711 |a 22th Wellmann International Scientific Conference  |c Hódmezővásárhely  |d 2025. május 15. 
856 4 0 |u http://acta.bibl.u-szeged.hu/89775/1/wellmann_abstracts_2025_051.pdf  |z Dokumentum-elérés